000 00706nab a2200193 4500
001 244442
003 OSt
005 20250815080639.0
007 tu
008 200917s2020|||||||
040 _aDE-2950
_cDE-2950
245 0 0 _aAls es noch Freibäder an der Oder gab
_bStadtgeschichte. Zu Tausenden zog es die Einwohner von Frankfurt einst in den Sommern an die Oder. Vor 1945 gab es am Fluss gleich mehrere Freibäder. Und zwar nicht nur auf dem Ziegenwerder/
_cRalf-Rüdiger Targiel
264 _c2024
653 _aFrankfurt (Oder)
653 _aStadtgeschichte
653 _aFreibäder
773 0 _g36. Jahrgang (2025) Nr. 181 vom 06.08.2025, S. 15 mit Foto
_tMärkische Oderzeitung
942 _2z
_cA
999 _c373947
_d373947